El muchacho de los senos de goma / (Record no. 24608)

MARC details
000 -LEADER
fixed length control field 01268cam a2200313Ia 4500
001 - CONTROL NUMBER
control field 182944145
003 - CONTROL NUMBER IDENTIFIER
control field OCoLC
005 - DATE AND TIME OF LATEST TRANSACTION
control field 20200625111356.0
008 - FIXED-LENGTH DATA ELEMENTS--GENERAL INFORMATION
fixed length control field 071207s2007 ag 000 f spa d
020 ## - INTERNATIONAL STANDARD BOOK NUMBER
International Standard Book Number 9870408346
020 ## - INTERNATIONAL STANDARD BOOK NUMBER
International Standard Book Number 9789870408345
035 ## - SYSTEM CONTROL NUMBER
System control number (OCoLC)182944145
040 ## - CATALOGING SOURCE
Original cataloging agency MCCPP
Transcribing agency MCCPP
Modifying agency YDXCP
-- BTCTA
-- BAKER
-- LNQ
041 ## - LANGUAGE CODE
Language code of text/sound track or separate title spa
043 ## - GEOGRAPHIC AREA CODE
Geographic area code s-ag---
050 14 - LIBRARY OF CONGRESS CALL NUMBER
Classification number PQ7798.19.P37
Item number M83 2007
100 1# - MAIN ENTRY--PERSONAL NAME
Personal name Iparraguirre, Sylvia.
Authority record control number http://id.loc.gov/authorities/names/n82114391
245 13 - TITLE STATEMENT
Title El muchacho de los senos de goma /
Statement of responsibility, etc. Sylvia Iparraguirre.
250 ## - EDITION STATEMENT
Edition statement 1. ed.
260 ## - PUBLICATION, DISTRIBUTION, ETC. (IMPRINT)
Place of publication, distribution, etc. Buenos Aires :
Name of publisher, distributor, etc. Aguilar, Altea, Taurus, Alfaguara,
Date of publication, distribution, etc. 2007.
300 ## - PHYSICAL DESCRIPTION
Extent 345 pages ;
Dimensions 24 cm.
336 ## - CONTENT TYPE
Content type term text
Content type code txt
Source rdacontent.
337 ## - MEDIA TYPE
Media type term unmediated
Media type code n
Source rdamedia.
338 ## - CARRIER TYPE
Carrier type term volume
Carrier type code nc
Source rdacarrier.
520 ## - SUMMARY, ETC.
Summary, etc. A teen struggles to survive, a philosophy professor faces contradictions in his life and a woman is confronted with the pain of death. All three live in Buenos Aires, a city where the poor, abandoned, and scorned all struggle to live.
650 #0 - SUBJECT ADDED ENTRY--TOPICAL TERM
Topical term or geographic name as entry element Interpersonal relations
Form subdivision Fiction.
Authority record control number http://id.loc.gov/authorities/subjects/sh2008104850.
651 #0 - SUBJECT ADDED ENTRY--GEOGRAPHIC NAME
Geographic name Buenos Aires (Argentina)
General subdivision Social conditions
Form subdivision Fiction.
942 ## - ADDED ENTRY ELEMENTS (KOHA)
Koha item type Libro/Book
Source of classification or shelving scheme Dewey Decimal Classification

No items available.

Powered by Koha